000 00357nam a2200133Ia 4500
008 100328s9999 xx 000 0 und d
082 _b49463
100 _aथत्ते यदुनाथ
245 _aवानवळा
260 _bनवीन उद्योग
630 _aवानवळा
730 _aवानवळा
942 _cBOOK
999 _c536841
_d536838